[Event "Valencia Cuna op 3rd"]
[Site "Valencia"]
[Date "2022.07.17"]
[Round "9"]
[White "Silva Rodriguez, Julio Jose"]
[Black "Escalante Ramirez, Brian Sebastian"]
[Result "0-1"]
[WhiteElo "2311"]
[BlackElo "2496"]
[PlyCount "97"]
[EventDate "2022.07.11"]
[EventType "swiss"]
[EventRounds "9"]
[EventCountry "ESP"]
[SourceTitle "CBM 209 Extra"]
[Source "ChessBase"]
[SourceDate "2022.09.30"]
[SourceVersion "1"]
[SourceVersionDate "2022.09.30"]
[SourceQuality "1"]

1. e4 e6 2. d4 d5 3. Nd2 c5 4. Ngf3 cxd4 5. Nxd4 Nf6 6. exd5 Nxd5 7. c3 Nd7 8. N2f3 Bd6 9. Bd3 0-0 10. 0-0 N5f6 11. Re1 a6 12. Bc2 Qc7 13. Bg5 b5 14. Qe2 Bb7 15. Rad1 Rfe8 16. h3 g6 17. Qd2 Nd5 18. Bb3 N7b6 19. Qe2 e5 20. Nc2 e4 21. Nd2 Bh2+ 22. Kh1 Bf4 23. Qg4 Bxg5 24. Qxg5 Qf4 25. Qg3 Re5 26. c4 Rg5 27. cxd5 Rxg3 28. fxg3 Qxg3 29. Nxe4 Qh4 30. Nd6 Rb8 31. Rf1 f5 32. Rfe1 Ba8 33. Rd4 Qg3 34. Re6 Nd7 35. Ne8 Nc5 36. Re3 Qf2 37. Nf6+ Kf7 38. Rf3 Qe2 39. Nxh7 Nxb3 40. axb3 Qxc2 41. Rc3 Qf2 42. Rc7+ Ke8 43. Nf6+ Kd8 44. Rd7+ Kc8 45. Rd1 Rb6 46. Rc1+ Kb8 47. Rf7 Rxf6 48. Rxf6 Bxd5 49. Rb6+ 0-1

[Event "ESP-chT CECLUB Div2"]
[Site "Linares"]
[Date "2016.08.18"]
[Round "4"]
[White "Nayhebaver, Martin"]
[Black "Silva Rodriguez, Julio Jose"]
[Result "1/2-1/2"]
[WhiteElo "2437"]
[BlackElo "2267"]
[PlyCount "73"]
[EventDate "2016.08.16"]
[EventType "team"]
[EventRounds "6"]
[EventCountry "ESP"]
[SourceTitle "CBM 174 Extra"]
[Source "ChessBase"]
[SourceDate "2016.10.10"]
[SourceVersion "1"]
[SourceVersionDate "2016.10.10"]
[SourceQuality "1"]
[WhiteTeam "Villalba 64"]
[BlackTeam "Manises Eva"]
[WhiteTeamCountry "ESP"]
[BlackTeamCountry "ESP"]

1. e4 e6 2. d4 d5 3. Nd2 c5 4. exd5 Qxd5 5. Ngf3 cxd4 6. Bc4 Qd6 7. 0-0 Nf6 8. Nb3 Nc6 9. Nbxd4 Nxd4 10. Nxd4 a6 11. Re1 Qc7 12. Bd3 Bd6 13. h3 Bh2+ 14. Kh1 Bf4 15. Nf5 0-0 16. Ne7+ Kh8 17. Nxc8 Raxc8 18. Qf3 Bxc1 19. Raxc1 Kg8 20. c4 Rfe8 21. b4 e5 22. c5 Rcd8 23. Bc4 Rd4 24. Qe3 g6 25. a3 Kg7 26. Bb3 Qc6 27. Rcd1 a5 28. Qc3 axb4 29. axb4 Qb5 30. Rb1 Ne4 31. Qc2 Qd3 32. Kg1 Nd2 33. Rb2 Nxb3 34. Qxb3 Qxb3 35. Rxb3 b6 36. c6 b5 37. Ra1 1/2-1/2

[Event "Mislata op 50th"]
[Site "Mislata"]
[Date "2016.08.14"]
[Round "9"]
[White "Silva Rodriguez, Julio Jose"]
[Black "Castella Garcia, Fausto"]
[Result "1/2-1/2"]
[WhiteElo "2267"]
[BlackElo "2325"]
[PlyCount "80"]
[EventDate "2016.08.08"]
[EventType "swiss"]
[EventRounds "9"]
[EventCountry "ESP"]
[SourceTitle "CBM 173 Extra"]
[Source "ChessBase"]
[SourceDate "2016.08.29"]
[SourceVersion "1"]
[SourceVersionDate "2016.08.29"]
[SourceQuality "1"]

1. e4 c5 2. Nf3 d6 3. d4 cxd4 4. Nxd4 Nf6 5. Nc3 g6 6. Be3 Bg7 7. f3 0-0 8. Qd2 Nc6 9. 0-0-0 d5 10. Kb1 Nxd4 11. e5 Nxf3 12. gxf3 Nh5 13. Nxd5 Be6 14. f4 Bxd5 15. Qxd5 Qxd5 16. Rxd5 Bh6 17. Bg2 Bxf4 18. Bc5 Rac8 19. Bxe7 Rfe8 20. Bd6 b6 21. a4 Bh6 22. Rb5 Nf4 23. Bb7 Rcd8 24. a5 bxa5 25. Rxa5 Bg7 26. Rf1 g5 27. h4 Ng6 28. Bd5 Nxe5 29. Bxe5 Rxe5 30. Bxf7+ Kh8 31. Rxe5 Bxe5 32. hxg5 Rf8 33. Rf5 Bc7 34. g6 hxg6 35. Bxg6 Rxf5 36. Bxf5 Kg7 37. Ka2 Kf6 38. Bc8 Ke5 39. Kb3 Kd6 40. Ka4 Kc5 1/2-1/2

[Event "Mislata op 50th"]
[Site "Mislata"]
[Date "2016.08.08"]
[Round "1"]
[White "Silva Rodriguez, Julio Jose"]
[Black "Galiana Fernandez, Adrian"]
[Result "1-0"]
[WhiteElo "2267"]
[BlackElo "2046"]
[PlyCount "75"]
[EventDate "2016.08.08"]
[EventType "swiss"]
[EventRounds "9"]
[EventCountry "ESP"]
[SourceTitle "CBM 173 Extra"]
[Source "ChessBase"]
[SourceDate "2016.08.29"]
[SourceVersion "1"]
[SourceVersionDate "2016.08.29"]
[SourceQuality "1"]

1. e4 c5 2. Nf3 e6 3. Nc3 Nc6 4. d4 cxd4 5. Nxd4 d6 6. g3 Bd7 7. Bg2 Be7 8. 0-0 Nf6 9. Re1 0-0 10. a4 Nxd4 11. Qxd4 Bc6 12. b3 Qc7 13. Ba3 Rfd8 14. Qc4 Rac8 15. Nb5 Qb8 16. Qe2 Bf8 17. c4 b6 18. Bb2 Nd7 19. a5 Bxb5 20. cxb5 Be7 21. Red1 Bf6 22. Bxf6 Nxf6 23. axb6 axb6 24. Ra6 Nd7 25. b4 Ne5 26. f4 Nd7 27. Qd3 Nf6 28. Qd4 Nd7 29. h3 e5 30. Qe3 Rc4 31. fxe5 dxe5 32. Bf1 Rxb4 33. Rxd7 Rxd7 34. Qa3 Qd6 35. Ra8+ Rd8 36. Qxb4 Qxb4 37. Rxd8+ Qf8 38. Rxf8+ 1-0

[Event "Valencia Region-ch"]
[Site "Valencia"]
[Date "2015.10.31"]
[Round "4.1"]
[White "Silva Rodriguez, Julio Jose"]
[Black "Nieves Cabanes, Jose Manuel"]
[Result "1-0"]
[WhiteElo "2230"]
[BlackElo "2191"]
[PlyCount "59"]
[EventDate "2015.10.03"]
[EventType "swiss"]
[EventRounds "7"]
[EventCountry "ESP"]
[SourceTitle "EXT 2024"]
[Source "ChessBase"]
[SourceDate "2023.10.10"]
[SourceVersion "1"]
[SourceVersionDate "2023.10.10"]
[SourceQuality "1"]

1. e4 c5 2. Nf3 d6 3. d4 cxd4 4. Nxd4 Nf6 5. Nc3 Nc6 6. Be2 e5 7. Nf3 h6 8. 0-0 Be6 9. Re1 Be7 10. h3 0-0 11. Bf1 a6 12. Nd5 b5 13. c3 Rb8 14. a4 Re8 15. b3 Bf8 16. Ra2 Nd7 17. Be3 Nc5 18. Bxc5 dxc5 19. Rd2 Qc8 20. Qc2 f6 21. Nh4 Kh7 22. Qd3 c4 23. Qg3 cxb3 24. axb5 axb5 25. Be2 Ne7 26. Rb1 Rd8 27. Rxb3 Nxd5 28. exd5 Rxd5 29. Rxd5 Bxd5 30. Qd3+ 1-0

[Event "Valencia Region-ch"]
[Site "Valencia"]
[Date "2015.10.17"]
[Round "2.2"]
[White "Silva Rodriguez, Julio Jose"]
[Black "Moreto Quintana, Alexandre"]
[Result "1-0"]
[WhiteElo "2230"]
[BlackElo "2082"]
[PlyCount "115"]
[EventDate "2015.10.03"]
[EventType "swiss"]
[EventRounds "7"]
[EventCountry "ESP"]
[SourceTitle "EXT 2024"]
[Source "ChessBase"]
[SourceDate "2023.10.10"]
[SourceVersion "1"]
[SourceVersionDate "2023.10.10"]
[SourceQuality "1"]

1. e4 c5 2. Nf3 d6 3. d4 cxd4 4. Nxd4 Nf6 5. Nc3 g6 6. Be3 Bg7 7. f3 Nc6 8. Qd2 0-0 9. g4 Be6 10. Nxe6 fxe6 11. 0-0-0 Ne5 12. Be2 Qc8 13. Bd4 Nc6 14. Be3 Ne5 15. h4 Nfd7 16. f4 Nc4 17. Bxc4 Qxc4 18. e5 Nb6 19. h5 dxe5 20. hxg6 exf4 21. Qh2 h6 22. Bd4 Rf6 23. Qh5 Nd7 24. b3 Qc6 25. Bxf6 Nxf6 26. Qa5 Rc8 27. Rd8+ Rxd8 28. Qxd8+ Bf8 29. Rh3 Qg2 30. Rxh6 f3 31. Ne4 f2 32. Nxf6+ Kg7 33. Rh7+ Kxg6 34. Qe8+ Kg5 35. Qh5+ Kf4 36. Nd5+ Ke4 37. Nc3+ Kd4 38. Ne2+ Ke4 39. Qg6+ Ke5 40. Rh5+ Kd6 41. Qd3+ Kc6 42. Ng3 Qxg3 43. Qxg3 f1Q+ 44. Kd2 Bg7 45. Rh3 Qb5 46. Qf3+ Kc7 47. Qf4+ Kb6 48. Qe3+ Kc7 49. Qxe6 Qg5+ 50. Kd1 Bf6 51. Rd3 a6 52. Qf5 Qg8 53. Qf4+ Kb6 54. Qe3+ Kc7 55. Qf4+ Kb6 56. Rd7 Qc8 57. Qe3+ Kc6 58. Qe6+ 1-0

[Event "ESP-chT CECLUB Div1"]
[Site "Linares"]
[Date "2014.09.10"]
[Round "9.1"]
[White "Almagro Llamas, Pablo"]
[Black "Silva Rodriguez, Julio Jose"]
[Result "1-0"]
[WhiteElo "2491"]
[BlackElo "2255"]
[PlyCount "53"]
[EventDate "2014.09.04"]
[EventType "team-tourn"]
[EventRounds "9"]
[EventCountry "ESP"]
[SourceTitle "CBM 162 Extra"]
[Source "ChessBase"]
[SourceDate "2014.10.17"]
[SourceVersion "1"]
[SourceVersionDate "2014.10.17"]
[SourceQuality "1"]
[WhiteTeam "Atocha VTI"]
[BlackTeam "Manises Eva"]
[WhiteTeamCountry "ESP"]
[BlackTeamCountry "ESP"]

1. d4 Nf6 2. Nf3 e6 3. e3 d5 4. c4 a6 5. Nc3 dxc4 6. Bxc4 b5 7. Bb3 Bb7 8. 0-0 c5 9. e4 Nbd7 10. e5 Ne4 11. Nxe4 Bxe4 12. Ng5 Bg6 13. Qf3 Ra7 14. d5 c4 15. dxe6 Nxe5 16. Qe3 Qb8 17. exf7+ Bxf7 18. Bc2 Be7 19. Re1 Ng4 20. Qh3 Qc8 21. Be3 Rc7 22. Bd4 Kf8 23. Nxf7 Kxf7 24. Qh5+ Kf8 25. Bf5 g6 26. Bxc8 gxh5 27. Bxg4 1-0

[Event "ESP-chT CECLUB Div1"]
[Site "Linares"]
[Date "2014.09.07"]
[Round "6.2"]
[White "Arribas Lopez, Angel"]
[Black "Silva Rodriguez, Julio Jose"]
[Result "1-0"]
[WhiteElo "2503"]
[BlackElo "2255"]
[PlyCount "105"]
[EventDate "2014.09.04"]
[EventType "team-tourn"]
[EventRounds "9"]
[EventCountry "ESP"]
[SourceTitle "CBM 162 Extra"]
[Source "ChessBase"]
[SourceDate "2014.10.17"]
[SourceVersion "1"]
[SourceVersionDate "2014.10.17"]
[SourceQuality "1"]
[WhiteTeam "Collado Villalba"]
[BlackTeam "Manises Eva"]
[WhiteTeamCountry "ESP"]
[BlackTeamCountry "ESP"]

1. e4 e6 2. d4 d5 3. Bd3 c5 4. exd5 exd5 5. Nf3 Nf6 6. 0-0 c4 7. Re1+ Be7 8. Bf1 0-0 9. b3 cxb3 10. axb3 Nc6 11. Ne5 Be6 12. c3 Qb6 13. Be3 Rfc8 14. Bd3 Qd8 15. Nd2 Nxe5 16. dxe5 Ng4 17. Bd4 Bc5 18. h3 Nh6 19. g4 Qb6 20. Nf3 Bxd4 21. Nxd4 Rxc3 22. g5 g6 23. Nxe6 Qxe6 24. gxh6 Qxh3 25. Bf1 Qxh6 26. Qxd5 Qg5+ 27. Bg2 Rc7 28. b4 Rd8 29. Qe4 b6 30. e6 fxe6 31. Qxe6+ Kg7 32. Re3 Rd2 33. Rf3 Rd4 34. Qe8 Rf4 35. Qe3 Rg4 36. Qxg5 Rxg5 37. Rfa3 Rc4 38. Rxa7+ Kf6 39. R1a6 Rxb4 40. Rxh7 Rb1+ 41. Kh2 Rb2 42. Ra8 Rf5 43. Rf8+ Kg5 44. Rxf5+ gxf5 45. Kg1 Rb1+ 46. Bf1 b5 47. Kg2 b4 48. Rb7 Kf4 49. Rb5 Ke4 50. f3+ Kf4 51. Rxf5+ Ke3 52. Rb5 b3 53. Bc4 1-0

[Event "ESP-ch 79th"]
[Site "Linares"]
[Date "2014.09.02"]
[Round "9"]
[White "Silva Rodriguez, Julio Jose"]
[Black "Matnadze, Ana"]
[Result "1/2-1/2"]
[WhiteElo "2210"]
[BlackElo "2385"]
[PlyCount "115"]
[EventDate "2014.08.25"]
[EventType "swiss"]
[EventRounds "9"]
[EventCountry "ESP"]
[SourceTitle "CBM 162 Extra"]
[Source "ChessBase"]
[SourceDate "2014.10.17"]
[SourceVersion "1"]
[SourceVersionDate "2014.10.17"]
[SourceQuality "1"]

1. e4 c6 2. d4 g6 3. h3 Bg7 4. Nf3 d5 5. e5 f6 6. Bf4 Nh6 7. exf6 exf6 8. Be2 0-0 9. 0-0 Nf7 10. c4 Be6 11. Qb3 Qb6 12. Nc3 dxc4 13. Bxc4 Qxb3 14. axb3 Bxc4 15. bxc4 Nd7 16. Rfe1 Rfd8 17. Ra3 g5 18. Bh2 h5 19. Rea1 a6 20. c5 f5 21. Ne2 Re8 22. Kf1 Bf6 23. Rb3 Nd8 24. Bc7 g4 25. Nd2 Ne6 26. Rxb7 Nxd4 27. Nxd4 Bxd4 28. Nb3 Bxb2 29. Rd1 Nf8 30. Na5 Bc3 31. Nxc6 a5 32. Rb3 Bg7 33. Nxa5 Ne6 34. Bb6 Nxc5 35. Bxc5 Rxa5 36. Bb6 Rae5 37. hxg4 hxg4 38. g3 R5e7 39. Re3 Kf7 40. Rxe7+ Rxe7 41. Be3 Be5 42. Rd5 Ke6 43. Rb5 Rd7 44. Kg2 Rd3 45. Rb6+ Kf7 46. Rb5 Ke6 47. Rb6+ Rd6 48. Rxd6+ Kxd6 49. f3 Kd5 50. fxg4 fxg4 51. Bc1 Ke4 52. Ba3 Ke3 53. Bf8 Ke2 54. Bh6 Bd4 55. Bg5 Be3 56. Bd8 Bf2 57. Be7 Bxg3 58. Kxg3 1/2-1/2

[Event "ESP-ch 79th"]
[Site "Linares"]
[Date "2014.09.01"]
[Round "8"]
[White "Sanchez Dengra, Jose Maria"]
[Black "Silva Rodriguez, Julio Jose"]
[Result "0-1"]
[WhiteElo "2134"]
[BlackElo "2210"]
[PlyCount "148"]
[EventDate "2014.08.25"]
[EventType "swiss"]
[EventRounds "9"]
[EventCountry "ESP"]
[SourceTitle "CBM 162 Extra"]
[Source "ChessBase"]
[SourceDate "2014.10.17"]
[SourceVersion "1"]
[SourceVersionDate "2014.10.17"]
[SourceQuality "1"]

1. e4 e6 2. d4 d5 3. Nd2 Be7 4. Bd3 c5 5. Ngf3 Nf6 6. e5 Nfd7 7. c3 b6 8. 0-0 Ba6 9. Ne1 Qc8 10. Qg4 g6 11. Ndf3 Nc6 12. Bg5 Qb7 13. a3 h6 14. Bxe7 Nxe7 15. h4 c4 16. Bc2 0-0-0 17. Nd2 Kb8 18. f4 Qc6 19. Nef3 Rdg8 20. Rae1 Bb5 21. Rf2 Ba4 22. Bxa4 Qxa4 23. Nf1 Nf5 24. Ne3 Nxe3 25. Rxe3 Qd1+ 26. Re1 Qa4 27. h5 Nf8 28. Nh4 Qd7 29. Re3 gxh5 30. Qxh5 Qe7 31. Rff3 Ng6 32. Nxg6 fxg6 33. Qg4 Qf7 34. Qh4 Rh7 35. Re2 Kc7 36. Qf6 Qe8 37. Ref2 Rf7 38. Qh4 Rh7 39. Qf6 Rf8 40. Qh4 Qf7 41. Rf1 Kd7 42. Qe1 Qf5 43. Qd1 Kc7 44. Qa4 Kb7 45. Qb4 Rd8 46. a4 Qf8 47. Rg3 Rg7 48. Qxf8 Rxf8 49. Rh3 h5 50. Rhf3 Ka6 51. Kh2 Ka5 52. Ra1 Rgf7 53. Kg3 Rf5 54. Ra2 R8f7 55. Ra1 Rf8 56. Ra2 a6 57. Ra1 R8f7 58. Ra2 g5 59. fxg5 Rxg5+ 60. Kf2 Rfg7 61. g3 R7g6 62. Ra1 Rg4 63. Rf6 Rxf6+ 64. exf6 Rg6 65. f7 Rf6+ 66. Kg2 Rxf7 67. Rh1 Kxa4 68. Rxh5 Kb3 69. Rh6 Kxb2 70. Rxe6 Kxc3 71. Rxb6 Kd2 72. g4 c3 73. g5 c2 74. g6 Rg7 0-1

[Event "ESP-ch 79th"]
[Site "Linares"]
[Date "2014.08.29"]
[Round "5"]
[White "Silva Rodriguez, Julio Jose"]
[Black "Ruperez Benito, Antonio"]
[Result "1-0"]
[WhiteElo "2210"]
[BlackElo "2018"]
[PlyCount "71"]
[EventDate "2014.08.25"]
[EventType "swiss"]
[EventRounds "9"]
[EventCountry "ESP"]
[SourceTitle "CBM 162 Extra"]
[Source "ChessBase"]
[SourceDate "2014.10.17"]
[SourceVersion "1"]
[SourceVersionDate "2014.10.17"]
[SourceQuality "1"]

1. e4 e6 2. d4 d5 3. Nd2 Nf6 4. e5 Nfd7 5. Bd3 c5 6. c3 Nc6 7. Ngf3 Qb6 8. 0-0 cxd4 9. cxd4 Nxd4 10. Nxd4 Qxd4 11. Nf3 Qb6 12. Rb1 a5 13. a3 a4 14. Bc2 Qa6 15. Qd4 Qc4 16. Qd1 Qa6 17. Re1 h6 18. Nd4 Bc5 19. Be3 Bxd4 20. Bxd4 b6 21. Qg4 g5 22. Re3 Nc5 23. Rc3 Bd7 24. Qf3 Nb3 25. Bxb3 axb3 26. Rxb3 Rc8 27. Rc3 Rc4 28. Qf6 Rg8 29. Rxc4 dxc4 30. Bc3 Bc6 31. Bb4 Qb7 32. Rd1 Bd5 33. Qxh6 Be4 34. Qf6 Bd5 35. Qh6 Rg6 36. Qf8+ 1-0

[Event "ESP-ch 79th"]
[Site "Linares"]
[Date "2014.08.28"]
[Round "4"]
[White "Suarez Garcia, Carlos"]
[Black "Silva Rodriguez, Julio Jose"]
[Result "1-0"]
[WhiteElo "2400"]
[BlackElo "2210"]
[PlyCount "95"]
[EventDate "2014.08.25"]
[EventType "swiss"]
[EventRounds "9"]
[EventCountry "ESP"]
[SourceTitle "CBM 162 Extra"]
[Source "ChessBase"]
[SourceDate "2014.10.17"]
[SourceVersion "1"]
[SourceVersionDate "2014.10.17"]
[SourceQuality "1"]

1. d4 Nf6 2. c4 e6 3. g3 c5 4. Nf3 cxd4 5. Nxd4 Nc6 6. Nc3 Qb6 7. e3 a6 8. Bg2 Ne5 9. b3 Bb4 10. Bb2 0-0 11. 0-0 Rd8 12. Na4 Qc7 13. Nc2 Be7 14. Bd4 Re8 15. Bb6 Qb8 16. c5 d5 17. cxd6 Bxd6 18. Ba5 Bc7 19. Bxc7 Qxc7 20. Nd4 Rb8 21. Rc1 Qd8 22. Qe2 Ng6 23. Rfd1 Qe7 24. e4 e5 25. Nf5 Qa3 26. h4 Bd7 27. Nc3 h6 28. Nd6 Red8 29. Nc4 Qe7 30. Nd5 Nxd5 31. exd5 b5 32. Na5 f5 33. Nc6 Bxc6 34. dxc6 e4 35. c7 Rxd1+ 36. Qxd1 Rc8 37. Qd5+ Qf7 38. Qxf7+ Kxf7 39. f3 Ke7 40. fxe4 Kd6 41. exf5 Ne7 42. Re1 Rxc7 43. Re6+ Kc5 44. f6 gxf6 45. Rxa6 f5 46. Rxh6 Ra7 47. Re6 Nd5 48. Re5 1-0

[Event "Badalona op 40th"]
[Site "Badalona"]
[Date "2014.08.09"]
[Round "8"]
[White "Cruz, Jonathan"]
[Black "Silva Rodriguez, Julio Jose"]
[Result "1-0"]
[WhiteElo "2459"]
[BlackElo "2210"]
[PlyCount "101"]
[EventDate "2014.08.02"]
[EventType "swiss"]
[EventRounds "9"]
[EventCountry "ESP"]
[SourceTitle "CBM 161 Extra"]
[Source "ChessBase"]
[SourceDate "2014.08.29"]
[SourceVersion "1"]
[SourceVersionDate "2014.08.29"]
[SourceQuality "1"]

1. c4 Nf6 2. Nf3 e6 3. g3 d5 4. b3 Be7 5. Bg2 c5 6. 0-0 Nc6 7. cxd5 Nxd5 8. Bb2 Bf6 9. d4 cxd4 10. Nxd4 0-0 11. Nxc6 bxc6 12. Qd2 Ba6 13. Bf3 Bxb2 14. Qxb2 Qa5 15. Rc1 Rac8 16. Nc3 Rfd8 17. Ne4 c5 18. Qe5 Qb4 19. a3 Qd4 20. Qxd4 cxd4 21. Nc5 Bxe2 22. Bxe2 Nc3 23. Rxc3 dxc3 24. b4 Rd2 25. Kf1 a5 26. Rc1 axb4 27. axb4 Rb2 28. Nd3 Rd2 29. Ke1 g6 30. b5 e5 31. f3 f5 32. Nxe5 f4 33. gxf4 Rf8 34. Rxc3 Rb2 35. Rb3 Rxb3 36. Bc4+ Kg7 37. Bxb3 Rxf4 38. Bc2 Rb4 39. Bd3 Kf6 40. Nc6 Rb2 41. Be2 g5 42. Kf2 h5 43. h3 Rb3 44. Bc4 Rc3 45. Be2 Kf5 46. Na5 Ke5 47. Nc4+ Kd5 48. Nd2 Rc2 49. Ne4 g4 50. hxg4 hxg4 51. Nf6+ 1-0

[Event "San Sebastian op 37th"]
[Site "San Sebastian"]
[Date "2014.04.18"]
[Round "8"]
[White "Etchegaray, Patrice"]
[Black "Silva Rodriguez, Julio Jose"]
[Result "1-0"]
[WhiteElo "2404"]
[BlackElo "2201"]
[PlyCount "83"]
[EventDate "2014.04.12"]
[EventType "swiss"]
[EventRounds "9"]
[EventCountry "ESP"]
[SourceTitle "CBM 159 Extra"]
[Source "ChessBase"]
[SourceDate "2014.04.24"]
[SourceVersion "1"]
[SourceVersionDate "2014.04.24"]
[SourceQuality "1"]

1. e4 e6 2. d4 d5 3. Nd2 Nf6 4. e5 Nfd7 5. c3 c5 6. Bd3 Nc6 7. Ngf3 h6 8. 0-0 g5 9. g4 h5 10. h3 hxg4 11. hxg4 Qb6 12. Qa4 Be7 13. Re1 Nf8 14. Nf1 Bd7 15. dxc5 Qc7 16. Qc2 Rh3 17. Ng3 0-0-0 18. b4 f6 19. exf6 Bxf6 20. Kg2 Rh8 21. Bxg5 Bxg5 22. Nxg5 e5 23. Bf5 e4 24. Rad1 Bxf5 25. gxf5 Qg7 26. N5xe4 dxe4 27. Rxd8+ Nxd8 28. Rxe4 Nd7 29. Qd2 Nf6 30. Re2 Nh5 31. Re4 Nf6 32. Re1 Qg4 33. Re7 Nc6 34. Re6 Nh5 35. Re4 Qg7 36. b5 Ne5 37. Rh4 Rd8 38. Rd4 Rg8 39. Qe3 Ng4 40. Qe6+ Kb8 41. Nxh5 Ne3+ 42. Kf3 1-0

[Event "ESP-ch 78th"]
[Site "Linares"]
[Date "2013.09.02"]
[Round "5"]
[White "Silva Rodriguez, Julio Jose"]
[Black "Espinosa Aranda, Angel"]
[Result "0-1"]
[WhiteElo "2198"]
[BlackElo "2392"]
[PlyCount "33"]
[EventDate "2013.08.29"]
[EventType "swiss"]
[EventRounds "9"]
[EventCountry "ESP"]
[SourceTitle "CBM 156 Extra"]
[Source "ChessBase"]
[SourceDate "2013.10.22"]
[SourceVersion "1"]
[SourceVersionDate "2013.10.22"]
[SourceQuality "1"]

1. e4 c5 2. Nf3 Nc6 3. d4 cxd4 4. Nxd4 g6 5. Nc3 Bg7 6. Nb3 d6 7. Be2 Nf6 8. Be3 0-0 9. 0-0 Be6 10. f4 Qc8 11. Kh1 Rd8 12. Bd3 Rb8 13. Qe1 Kh8 14. g4 Kg8 15. Rb1 Ra8 16. Rf3 d5 17. exd5 0-1

[Event "Andorra op 31st"]
[Site "La Massana"]
[Date "2013.07.25"]
[Round "6"]
[White "Silva Rodriguez, Julio Jose"]
[Black "Steingrimsson, Hedinn"]
[Result "0-1"]
[WhiteElo "2198"]
[BlackElo "2557"]
[PlyCount "34"]
[EventDate "2013.07.20"]
[EventType "swiss"]
[EventRounds "9"]
[EventCountry "AND"]
[SourceTitle "CBM 155 Extra"]
[Source "ChessBase"]
[SourceDate "2013.08.26"]
[SourceVersion "1"]
[SourceVersionDate "2013.08.26"]
[SourceQuality "1"]

1. e4 e5 2. Nf3 Nc6 3. Bc4 Bc5 4. 0-0 Nf6 5. d4 Bxd4 6. Nxd4 Nxd4 7. Bg5 d6 8. f4 Bg4 9. Qe1 Nxc2 10. Qh4 Be6 11. Nd2 Nxa1 12. Rxa1 h6 13. Rf1 Rf8 14. Bxf6 Qxf6 15. Qg3 exf4 16. Qb3 Qd4+ 17. Rf2 0-0-0 0-1

[Event "Andorra op 31st"]
[Site "La Massana"]
[Date "2013.07.21"]
[Round "2"]
[White "Silva Rodriguez, Julio Jose"]
[Black "Narciso Dublan, Marc"]
[Result "0-1"]
[WhiteElo "2198"]
[BlackElo "2536"]
[PlyCount "70"]
[EventDate "2013.07.20"]
[EventType "swiss"]
[EventRounds "9"]
[EventCountry "AND"]
[SourceTitle "CBM 155 Extra"]
[Source "ChessBase"]
[SourceDate "2013.08.26"]
[SourceVersion "1"]
[SourceVersionDate "2013.08.26"]
[SourceQuality "1"]

1. e4 g6 2. d4 Bg7 3. Nf3 d6 4. Be2 Nf6 5. Nc3 0-0 6. 0-0 c5 7. d5 Na6 8. Re1 Nc7 9. Bc4 Bg4 10. h3 Bxf3 11. Qxf3 Nd7 12. Qe2 a6 13. a4 b6 14. Bg5 Re8 15. f4 Qc8 16. Ra3 Qb7 17. Qg4 e6 18. dxe6 fxe6 19. Raa1 Qc6 20. Rad1 h5 21. Qg3 b5 22. Be2 b4 23. Nb1 d5 24. Bd3 c4 25. exd5 exd5 26. Be2 Nc5 27. Bf3 Ne4 28. Bxe4 Rxe4 29. Rxe4 dxe4 30. f5 Ne8 31. fxg6 Qxg6 32. Nd2 Rd8 33. Qf4 Rd5 34. h4 c3 35. bxc3 bxc3 0-1

[Event "San Sebastian op 36th"]
[Site "San Sebastian"]
[Date "2013.03.28"]
[Round "7"]
[White "Silva Rodriguez, Julio Jose"]
[Black "Pogorelov, Ruslan"]
[Result "1-0"]
[WhiteElo "2141"]
[BlackElo "2403"]
[PlyCount "107"]
[EventDate "2013.03.23"]
[EventType "swiss"]
[EventRounds "9"]
[EventCountry "ESP"]
[SourceTitle "CBM 153 Extra"]
[Source "ChessBase"]
[SourceDate "2013.04.22"]
[SourceVersion "1"]
[SourceVersionDate "2013.04.22"]
[SourceQuality "1"]

1. e4 c5 2. Nf3 e6 3. Nc3 a6 4. d4 cxd4 5. Nxd4 Qc7 6. Bd3 Nf6 7. 0-0 Be7 8. Kh1 b5 9. f4 d6 10. Bd2 Bb7 11. Qe2 Nbd7 12. b4 g6 13. a4 e5 14. fxe5 dxe5 15. Nb3 0-0 16. axb5 Bxb4 17. bxa6 Bxc3 18. Bxc3 Bxa6 19. Bxa6 Qxc3 20. Rad1 Kg7 21. Bb5 Qc7 22. c4 Rad8 23. Qf3 Nh5 24. c5 Nf4 25. g3 Ne6 26. Rd5 Nd4 27. Nxd4 exd4 28. Bxd7 Rxd7 29. Qf6+ Kg8 30. Rxd4 Rxd4 31. Qxd4 Rd8 32. Qf6 Re8 33. Qd4 Qe7 34. Rf4 Rc8 35. Qd6 Qa7 36. c6 Qc7 37. Rf6 Qxd6 38. Rxd6 Kf8 39. Kg2 Ke7 40. e5 Ra8 41. Kf3 Ra2 42. h4 h5 43. Ke4 Rc2 44. Kd5 Rd2+ 45. Kc5 Rc2+ 46. Kb6 Rb2+ 47. Ka7 Ra2+ 48. Kb7 Rb2+ 49. Kc8 Rb3 50. Rd7+ Ke6 51. c7 Rxg3 52. Kd8 Rc3 53. c8Q Rxc8+ 54. Kxc8 1-0

[Event "San Sebastian op 36th"]
[Site "San Sebastian"]
[Date "2013.03.25"]
[Round "4"]
[White "Thomassen, Joachim"]
[Black "Silva Rodriguez, Julio Jose"]
[Result "1/2-1/2"]
[WhiteElo "2394"]
[BlackElo "2141"]
[PlyCount "55"]
[EventDate "2013.03.23"]
[EventType "swiss"]
[EventRounds "9"]
[EventCountry "ESP"]
[SourceTitle "CBM 153 Extra"]
[Source "ChessBase"]
[SourceDate "2013.04.22"]
[SourceVersion "1"]
[SourceVersionDate "2013.04.22"]
[SourceQuality "1"]

1. d4 Nf6 2. c4 e6 3. Nc3 Bb4 4. e3 0-0 5. Nf3 d5 6. Bd3 c5 7. 0-0 Nc6 8. a3 Ba5 9. cxd5 exd5 10. dxc5 Bxc3 11. bxc3 Qa5 12. Qc2 Bg4 13. Nd4 Ne5 14. a4 Rfc8 15. Nb3 Qc7 16. f3 Be6 17. Ba3 Bd7 18. Bb5 a6 19. Bxd7 Qxd7 20. Nd2 Qe6 21. Rab1 Ned7 22. Qd3 Nxc5 23. Bxc5 Rxc5 24. Rxb7 Rac8 25. Qd4 Rxc3 26. Re1 h6 27. Rb6 R3c6 28. Rxc6 1/2-1/2

[Event "Madrid Oliver Gonzalez Memorial-A 3rd"]
[Site "Madrid"]
[Date "2012.09.09"]
[Round "9"]
[White "Silva Rodriguez, Julio Jose"]
[Black "Almagro Llamas, Pablo"]
[Result "0-1"]
[WhiteElo "2102"]
[BlackElo "2455"]
[PlyCount "78"]
[EventDate "2012.09.01"]
[EventType "swiss"]
[EventRounds "9"]
[EventCountry "ESP"]
[SourceTitle "CBM 150 Extra"]
[Source "ChessBase"]
[SourceDate "2012.10.19"]
[SourceVersion "1"]
[SourceVersionDate "2012.10.19"]
[SourceQuality "1"]

1. e4 c6 2. d4 d5 3. e5 Bf5 4. Nf3 e6 5. Be2 Ne7 6. 0-0 Nc8 7. Be3 Be7 8. Nbd2 0-0 9. c3 Nd7 10. Ne1 f6 11. f4 Qb6 12. Qb3 fxe5 13. fxe5 c5 14. Rxf5 Rxf5 15. Bg4 c4 16. Qa4 Nf8 17. b3 Bg5 18. Bxg5 Rxg5 19. Bh3 Rxe5 20. Nef3 Re3 21. bxc4 Rxc3 22. Rb1 Qc7 23. Qb4 Rd3 24. cxd5 exd5 25. Qb5 Re3 26. Qxd5+ Qf7 27. Qg5 Re7 28. Rf1 h6 29. Qg3 Qd5 30. Nb3 a5 31. Qh4 Re4 32. Qg3 Nd6 33. Nc5 Re7 34. Qh4 Rae8 35. Bg4 Ng6 36. Qg3 Ne4 37. Nxe4 Rxe4 38. h3 Nf4 39. Qf2 Re2 0-1